Loading...
| Current Events | 2 | 20.00 | 100% | 100% | 0% |
| Fine Arts - Classical Music | 9 | 14.44 | 89% | 44% | 11% |
| Fine Arts - Other | 8 | 23.75 | 100% | 75% | 63% |
| Fine Arts - Painting and Sculpture | 10 | 18.00 | 100% | 50% | 30% |
| Geography | 2 | 25.00 | 100% | 100% | 50% |
| History - American | 8 | 23.75 | 100% | 88% | 50% |
| History - European | 9 | 23.33 | 100% | 78% | 56% |
| History - Other | 9 | 23.33 | 100% | 100% | 33% |
| History - World | 7 | 24.29 | 100% | 71% | 71% |
| Literature - American | 7 | 22.86 | 100% | 86% | 43% |
| Literature - British | 9 | 22.22 | 100% | 89% | 33% |
| Literature - European | 11 | 20.91 | 100% | 82% | 27% |
| Literature - World | 11 | 24.55 | 100% | 91% | 55% |
| Mythology | 10 | 18.00 | 100% | 50% | 30% |
| Other Academic | 4 | 27.50 | 100% | 75% | 100% |
| Philosophy | 7 | 21.43 | 100% | 86% | 29% |
| Pop Culture | 3 | 20.00 | 100% | 67% | 33% |
| Religion | 6 | 21.67 | 100% | 100% | 17% |
| Science - Biology | 9 | 16.67 | 100% | 44% | 22% |
| Science - Chemistry | 8 | 22.50 | 100% | 88% | 38% |
| Science - Other | 10 | 20.00 | 100% | 60% | 40% |
| Science - Physics | 10 | 21.00 | 100% | 70% | 40% |
| Social Science | 9 | 17.78 | 100% | 67% | 11% |